000
00312nam a22001457a 4500
008
230328b ||||| |||| 00| 0 eng d
020
_a
9780865715806
041
_a
eng
080
_a
573
082
_a
573LEV
100
_a
16
101
_a
BIO
245
_a
DESING FOR WATER
_c
LEVARION.K.H
942
_2
udc
_c
BK
999
_c
59467
_d
59467